LEADER 01138nam0-22003491i-450- 001 990007960290403321 005 20080605095244.0 010 $a88-7078-661-7 035 $a000796029 035 $aFED01000796029 035 $a(Aleph)000796029FED01 035 $a000796029 100 $a20041125d2000----km-y0itay50------ba 101 1 $aita$ceng 102 $aIT 105 $aa-------001yy 200 1 $a<>triangolo primario$ele prime interazioni triadiche tra padre, madre e bambino$fElisabeth Fivaz-Depeursinge, Antoinette Corboz-Warnery$gEdizione italiana a cura di Cristina Riva Crugnola 210 $aMilano$cRaffaello Cortina$d2000 215 $aXXIII, 263 p.$cill.$d23 cm 225 1 $aPsicoterapia con la famiglia 610 0 $aFamiglia$aPsicoterapia 676 $a616.89156 700 1$aFivaz-Depeursinge,$bElisabeth$0496372 701 1$aCorboz-Warnery,$bAntoinette$0496373 702 1$aRiva Crugnola,$bCristina 801 0$aIT$bUNINA$gRICA$2UNIMARC 901 $aBK 912 $a990007960290403321 952 $aP.1 PSV 275$fFLFBC 959 $aFLFBC 996 $aTriangolo primario$9747708 997 $aUNINA LEADER 02294nas 2200577- 450 001 996206911203316 005 20230330000345.0 011 $a1827-7985 035 $a(CKB)110978984081159 035 $a(CONSER)sn-95032272- 035 $a(DE-599)ZDB2224877-8 035 $a(EXLCZ)99110978984081159 100 $a19950411a19939999 --- - 101 0 $aita 181 $ctxt$2rdacontent 182 $cc$2rdamedia 183 $acr$2rdacarrier 200 02$aL'Analisi linguistica e letteraria /$fFacoltą di scienze linguistiche e letterature straniere, Universitą cattolica del Sacro Cuore 210 1$aMilano :$cVita e pensiero 210 31$aMilano :$cEducat, Universitą cattolica del Sacro Cuore 215 $a1 online resource 311 08$aPrint version: L'Analisi linguistica e letteraria / 1122-1917 (DLC)sn 95032272 (OCoLC)32287027 531 $aLANALISI LINGUISTICA E LETTERARIA 606 $aLiterature, Modern$xHistory and criticism$vPeriodicals 606 $aLinguistics$vPeriodicals 606 $aLiterature$xStudy and teaching$zItaly$vPeriodicals 606 $aLinguistic analysis (Linguistics)$vPeriodicals 606 $aLinguistic analysis (Linguistics)$2fast$3(OCoLC)fst00999166 606 $aLinguistics$2fast$3(OCoLC)fst00999202 606 $aLiterature, Modern$2fast$3(OCoLC)fst01000172 606 $aLiterature$xStudy and teaching$2fast$3(OCoLC)fst01000024 606 $aPhilologie$2gnd 607 $aItaly$2fast 608 $aCriticism, interpretation, etc.$2fast 608 $aPeriodicals.$2fast 615 0$aLiterature, Modern$xHistory and criticism 615 0$aLinguistics 615 0$aLiterature$xStudy and teaching 615 0$aLinguistic analysis (Linguistics) 615 7$aLinguistic analysis (Linguistics) 615 7$aLinguistics. 615 7$aLiterature, Modern. 615 7$aLiterature$xStudy and teaching. 615 7$aPhilologie 712 02$aUniversitą cattolica del Sacro Cuore.$bFacoltą di lingue e letterature straniere. 712 02$aUniversitą cattolica del Sacro Cuore.$bFacoltą di scienze linguistiche e letterature straniere. 906 $aJOURNAL 912 $a996206911203316 920 $aexl_impl conversion 996 $aAnalisi linguistica e letteraria$9801634 997 $aUNISA